| 000 | 01589nam a2200241Ia 4500 | ||
|---|---|---|---|
| 003 | Ost | ||
| 005 | 20260507075712.0 | ||
| 008 | 260507s9999||||xx |||||||||||||| ||und|| | ||
| 020 | _a9789947782378 | ||
| 040 | _cfsecg | ||
| 041 | _aara | ||
| 082 | _a657 | ||
| 100 |
_aحيمران،محمد _eمؤلف |
||
| 245 | 0 |
_aدراسات محاسبية وجبائية معمقة مدعمة بتمارين ومسائل محلولة : _bموجه لطلبة السنة الثالثة ليسانس و طلبة الماستر شعبتي العلوم المالية و المحاسبية و علوم التسيير / _cمحمد حيمران |
|
| 260 |
_aالجزائر: _bالنشر الجامعي الجديد, _c2022 |
||
| 300 |
_a195 صفحة؛ _bإيضاحات ؛ _c24 سم |
||
| 504 | _aمراجع ص.193 | ||
| 520 | _a1/دراسات محاسبية مالية معمقة: محاسبة الاوراق المالية، الاغلفة، عقود الايجار التمويلي،الرواتبو الأجور،الاهتلاكات و خسائر القيمة للأصول غير جارية،خسائر القيمة للمخزونات و محاسبة الزبائن 2/دراسات جبائية معمقة: الضريبة الجزافية الوحيدة، الضريبة على أرباح الشركات ، الضريبة على الدخل الإجمالي ، الرسم على القيمة المضافة و الرسم على النشاط المهني. | ||
| 653 | _aالجباية | ||
| 653 | _aالمحاسبة | ||
| 700 |
_aتقرارت، يزيد _eمؤلف ثانوي |
||
| 942 | _cكتاب | ||
| 999 |
_c45896 _d45896 |
||